<?xml version="1.0" encoding="UTF-8"?>
<record
    xmlns:xsi="http://www.w3.org/2001/XMLSchema-instance"
    xsi:schemaLocation="http://www.loc.gov/MARC21/slim http://www.loc.gov/standards/marcxml/schema/MARC21slim.xsd"
    xmlns="http://www.loc.gov/MARC21/slim">

  <leader>01732nam a2200265 a 4500</leader>
  <controlfield tag="001">000047916</controlfield>
  <controlfield tag="003">DO-SdBNP</controlfield>
  <controlfield tag="005">20240313073817.0</controlfield>
  <controlfield tag="007">ta</controlfield>
  <controlfield tag="008">181004s2009    dr ac         000 m spa d</controlfield>
  <datafield tag="040" ind1=" " ind2=" ">
    <subfield code="a">DO-SdBNP</subfield>
    <subfield code="b">spa</subfield>
    <subfield code="c">BNPHU</subfield>
  </datafield>
  <datafield tag="082" ind1=" " ind2=" ">
    <subfield code="a">808.5 </subfield>
    <subfield code="b">R621e</subfield>
    <subfield code="2">22</subfield>
  </datafield>
  <datafield tag="100" ind1="1" ind2=" ">
    <subfield code="a">Rivera, Otto</subfield>
    <subfield code="9">75477</subfield>
  </datafield>
  <datafield tag="245" ind1="1" ind2="0">
    <subfield code="a">Educaci&#xF3;n de la voz :</subfield>
    <subfield code="b">mejore su l&#xE9;xico, dicci&#xF3;n-fluidez, entonaci&#xF3;n /</subfield>
    <subfield code="c">Otto Orlando Rivera S&#xE1;nchez pr&#xF3;logo Lipe Collado.</subfield>
  </datafield>
  <datafield tag="250" ind1=" " ind2=" ">
    <subfield code="a">Edici&#xF3;n corregida</subfield>
  </datafield>
  <datafield tag="260" ind1=" " ind2=" ">
    <subfield code="a">Santo Domingo :</subfield>
    <subfield code="b">[s.n],</subfield>
    <subfield code="c">2009.</subfield>
  </datafield>
  <datafield tag="300" ind1=" " ind2=" ">
    <subfield code="a">161 p. :</subfield>
    <subfield code="b">il., retrs. ;</subfield>
    <subfield code="c">21 cm.</subfield>
  </datafield>
  <datafield tag="505" ind1="0" ind2=" ">
    <subfield code="a">A manera de pr&#xF3;logo --</subfield>
    <subfield code="t">Semblanza del autor --</subfield>
    <subfield code="t">Motivaci&#xF3;n --</subfield>
    <subfield code="t">Sonido oral --</subfield>
    <subfield code="t">Sistema de fonaci&#xF3;n --</subfield>
    <subfield code="t">La laringe --</subfield>
    <subfield code="t">La voz --</subfield>
    <subfield code="t">Tono --</subfield>
    <subfield code="t">Dec&#xE1;logo para el cuidado de la voz --</subfield>
    <subfield code="t">El comentarista del disco (Disc Jockey) --</subfield>
    <subfield code="t">Locutor de cabina --</subfield>
    <subfield code="t">Improvisaci&#xF3;n. Maestr&#xED;a de ceremonias --</subfield>
    <subfield code="t">H&#xE1;gase de su estilo propio --</subfield>
    <subfield code="t">Respiraci&#xF3;n: &#xFA;tiles recomendaciones --</subfield>
    <subfield code="t">Agilidad en la lectura --</subfield>
    <subfield code="t">Ejercicios: trabalenguas, declamaciones --</subfield>
    <subfield code="t">La buena expresi&#xF3;n. Recomendaciones --</subfield>
    <subfield code="t">Frente a la c&#xE1;mara de televisi&#xF3;n --</subfield>
    <subfield code="t">Diez reglas para la entrevista radial --</subfield>
    <subfield code="t">El micr&#xF3;fono --</subfield>
    <subfield code="t">Al hablar por el micr&#xF3;fono --</subfield>
    <subfield code="t">De los timbres b&#xE1;sicos --</subfield>
    <subfield code="t">Hablar bien --</subfield>
    <subfield code="t">Pronunciaci&#xF3;n de las consonantes --</subfield>
    <subfield code="t">Vocabulario --</subfield>
    <subfield code="t">Terminolog&#xED;a --</subfield>
    <subfield code="t">Los artistas --</subfield>
    <subfield code="t">El actor --</subfield>
    <subfield code="t">El orador --</subfield>
    <subfield code="t">Pensamientos universales --</subfield>
    <subfield code="t">Prominentes de la buena expresi&#xF3;n --</subfield>
    <subfield code="t">Dignatarios y representativos --</subfield>
    <subfield code="t">Diez normas para triunfar en la vida.</subfield>
  </datafield>
  <datafield tag="590" ind1=" " ind2=" ">
    <subfield code="a">Inventariado, 2022 / DG</subfield>
  </datafield>
  <datafield tag="650" ind1="4" ind2=" ">
    <subfield code="a">COMUNICACION ORAL</subfield>
    <subfield code="x">ENSE&#xD1;ANZA</subfield>
    <subfield code="9">82871</subfield>
  </datafield>
  <datafield tag="650" ind1="4" ind2=" ">
    <subfield code="a">CULTIVO DE LA VOZ</subfield>
    <subfield code="9">34818</subfield>
  </datafield>
  <datafield tag="700" ind1="1" ind2=" ">
    <subfield code="a">Collado, Lipe,</subfield>
    <subfield code="d">1947-</subfield>
    <subfield code="e">pr&#xF3;l.</subfield>
    <subfield code="9">79819</subfield>
  </datafield>
  <datafield tag="910" ind1=" " ind2=" ">
    <subfield code="a">DG</subfield>
  </datafield>
  <datafield tag="942" ind1=" " ind2=" ">
    <subfield code="2">ddc</subfield>
    <subfield code="c">LBS1</subfield>
  </datafield>
  <datafield tag="952" ind1=" " ind2=" ">
    <subfield code="0">0</subfield>
    <subfield code="1">0</subfield>
    <subfield code="2">ddc</subfield>
    <subfield code="5">1</subfield>
    <subfield code="7">0</subfield>
    <subfield code="8">PD</subfield>
    <subfield code="a">BNPHU</subfield>
    <subfield code="b">BNPHU</subfield>
    <subfield code="c">CT</subfield>
    <subfield code="d">2022-11-25</subfield>
    <subfield code="l">0</subfield>
    <subfield code="o">BNPHU PD 808.5  R621e</subfield>
    <subfield code="p">2022-5612</subfield>
    <subfield code="r">2022-11-25</subfield>
    <subfield code="w">2022-11-25</subfield>
    <subfield code="y">LBS1</subfield>
  </datafield>
  <datafield tag="999" ind1=" " ind2=" ">
    <subfield code="c">53000</subfield>
    <subfield code="d">53000</subfield>
  </datafield>
</record>
